Datum a čas kvízu
35.5
Celkem bodů
Celkový počet nahraných bodů na tomto kvízu bez doplňovacích otázek.
8.
Pořadí na kvízu
Konečné umístění týmu na tomto kvízu.
Zaznamenané odpovědi
| # | Otázka | Odpověď | Body | Výsledky |
|---|---|---|---|---|
| 1. | Z České strany sociálně demokr... | Jaroslav Foldyna | 0 | |
| 2. | Slovensko míří k výrazné polit... | Igor Matovič | 1 | |
| 3. | V pátek byly v Paříži uděleny... | Roman Polański | 1 | |
| 4. | Akcionáři jedné mediální spole... | CME, PPF | 0.5 | |
| 5. | V Anglii, Skotsku a Severním... | hlavičkování | 1 | |
| 6. | Peníze máme v ruce každý den,... | Česká národní banka | 1 | |
| 7. | Které dvě osobnosti mají jméno... | D | 0 | |
| 8. | Celkem kolikrát je na obou str... | čtyřikrát | 0 | |
| 9. | Kolik Kč činí nominální hodnot... | 2 000 Kč | 1 | |
| 10. | Které z mincí o hodnotě 1 až 5... | všechny | 1 |